000
00258nam a2200109Ia 4500
008
190907s9999||||xx |||||||||||||| ||und||
100
_a
Baron ,Robert A.
245
0
_a
Psychology
260
_a
India
_b
Oxford University Press
_c
2013
300
_a
668
942
_c
BK
999
_c
6278
_d
6278